| 000 | 00418nam a22001337a 4500 | ||
|---|---|---|---|
| 020 | _a 9788121901628 | ||
| 040 | _cNust | ||
| 082 |
_a621.26 _bKHU |
||
| 100 |
_ar-s-khurmi _927450 |
||
| 245 | _atextbook-of-hydraulics--fluid-mechanics-and-hydraulic-machines | ||
| 260 |
_aNew Delhi: _bS. Chand and Company, _c2001. |
||
| 650 |
_atextbook-of-hydraulics--fluid-mechanics-and-hydraulic-machines _9127638 |
||
| 942 |
_2ddc _cBK |
||
| 999 |
_c612935 _d612935 |
||